Eastenders Characters - Statistics

General Stats
  • This quiz has been taken 326 times
  • The average score is 14 of 20
Answer Stats
Hint First Appearance Answer % Correct
Her sons and pub were her pride and joy. "Get outta my pub!" April 1991 Peggy Mitchell
91%
Religious old lady who's son couldn't have been anymore different from herself. July 1985 Dot Cotton
88%
Mother of a chav filled family. "Rickaaay!" November 1993 Bianca Jackson
83%
Pathetic but successful businessman. His daughter was murdered. February 1985 Ian Beale
83%
Albert Square's regular 'hard man'. Once was the victim of a 'whodunit' storyline. February 1990 Phil Mitchell
83%
He was 'murdered' twice and famously divorced his wife. February 1985 'Dirty' Den Watts
80%
The square's unlikely ladies' man. Ginger businessman with a knack for splitting families apart. June 2006 Max Branning
80%
Large earrings and numerous marriages and affairs are all common features of this person's character and nature. June 1986 Pat Butcher
80%
Owns a 'proper east end boozer' (as of 2015). Turns out his Sister is actually his Mother. December 2013 Mick Carter
78%
She's been married to a murderer and a wife-beater. Daughter Libby went to Oxford University. May 2006 Denise Fox
76%
Originally from Trinidad and suffered a stroke in 2014. September 2001 Patrick Trueman
76%
She had an obsession with George Michael but was killed with a photo frame. June 2007 Heather Trott
73%
Known for her 'sausage surprise' dish and wacky personalty. December 2004 Jean Slater
69%
Was owned by Robbie and then Gus but eventually suffered from deadly food poisoning. October 1994 Wellard
68%
She indirectly ruined Christmas for her entire family in 2007 and eventually went into rehab during her teenage years to solve her drinking issues. July 2006 Lauren Branning
67%
He was going to be conned but fell off a cliff instead. His actor has worked with Ricky Gervais in the past. December 1994 Barry Evans
64%
Once was the subject of a euthanasia storyline. Owned a dog with a memorable name. February 1985 Ethel Skinner
49%
Likable mechanic and West Ham fan who sailed off on a boat along the canal in 2009. September 2000 Garry Hobbs
48%
Her Doorstop was used to kill another character featured in this quiz. Miserable, stubborn and loud all come to mind. February 1985 Pauline Fowler
45%
He never said a word on screen but was the main focus on the show's debut. February 1985 Reg Cox
38%
No matching quizzes found
Score Distribution
Percent of People with Each Score
Percentile by Number Answered
Your Score History
You have not taken this quiz